Normal view
MARC view
- Gulledge, W.P
Entry Personal Name
001 - CONTROL NUMBER
- control field: 59597
003 - CONTROL NUMBER IDENTIFIER
- control field: NUST
005 - DATE AND TIME OF LATEST TRANSACTION
- control field: 20210628202354.0
008 - FIXED-LENGTH DATA ELEMENTS
- fixed length control field: 210628|| aca||aabn | a|a d
040 ## - CATALOGING SOURCE
- Original cataloging agency: NUST
- Transcribing agency: NUST
100 ## - HEADING--PERSONAL NAME
- Personal name: Gulledge, W.P
670 ## - SOURCE DATA FOUND
- Source citation: Work cat.: (NUST): Gulledge, W.P, Hazardous and industrial solid waste testing, second symposium, 1983
